Who's That Byzantine Emperor - Statistics

General Stats
  • This quiz has been taken 323 times
  • The average score is 8 of 15
Answer Stats
Hint Answer % Correct
He founded the capitol city. Constantine I
93%
Oversaw the largest expansion of the empire's territory. Notable accomplishments in law and architecture. Justinian I
82%
His reign coincided with the foundation of Islam Heraclius
69%
The last emperor. Constantine XI
66%
An emperor of barbarian origin who ruled during the fall of the western empire. Zeno
63%
The longest reigning emperor in Roman history. Basil II
58%
After having been exiled and de-nosed, this emperor managed to take back the throne at the head of a barbarian army. Justinian II
58%
She married three different emperors while serving as empress in her own right. Zoe
56%
His daughter is known as the first female historian. Alexios I
51%
He invited the Fourth Crusade to Constantinople. Alexios III
44%
His skull was used as a drinking cup after dying in battle. Nikephoros I
40%
He banned the worship of icons in a church council. Constantine V
36%
He broke canon law by having four different wives. Leo VI
30%
The last emperor to visit Britain. Manuel II
26%
He came to power on Christmas day in chains after witnessing his predecessor be assassinated during mass. Michael II
25%
No matching quizzes found
Score Distribution
Percent of People with Each Score
Percentile by Number Answered
Your Score History
You have not taken this quiz